Psychoanalytic perspectives on migration and exile
Αποθηκεύτηκε σε:
| Κύριος συγγραφέας: | |
|---|---|
| Άλλοι συγγραφείς: | , |
| Μορφή: | Βιβλίο |
| Γλώσσα: | English Spanish |
| Δημοσίευση: |
New Haven ; London :
Yale University Press,
1989.
|
| Θέματα: | |
| Ετικέτες: |
Προσθήκη ετικέτας
Δεν υπάρχουν, Καταχωρήστε ετικέτα πρώτοι!
|
MARC
| LEADER | 00000cam a2200000 i 4500 | ||
|---|---|---|---|
| 001 | 1/10800 | ||
| 008 | 970912s1989 gr | ||| |||| ||eng|| | ||
| 020 | |a 0300040113 | ||
| 035 | |1 ΠΑΡ |a 1997 |b 06/12 |c ΧΡΥΣΑΝΘΟΠΟΥΛΟΥ |l 10018003 | ||
| 040 | |a GR-MyUA |b gre |e AACR2 | ||
| 041 | 1 | |a eng |h spa | |
| 082 | 0 | |a 304.8 | |
| 100 | 1 | |a Grinberg, Leon. | |
| 245 | 1 | 0 | |a Psychoanalytic perspectives on migration and exile / |c Leon Grinberg; Rebeca Grinberg ; translated from the spanish by Nancy Festinger ; foreword by Otto F. Kernberg. |
| 260 | |a New Haven ; London : |b Yale University Press, |c 1989. | ||
| 300 | |a 230 σ. | ||
| 500 | |a Τίτλος πρωτοτύπου: Psicoanalisis de la migracion y del exilio. | ||
| 504 | |a Περιέχει βιβλιογραφικές αναφορές και ευρετήριο. | ||
| 650 | 0 | 0 | |a Emigration and immigration |x Psychological aspects. |
| 650 | 0 | 0 | |a Immigrants |x Psychology. |
| 650 | 0 | 0 | |a Exiles |x Psychology. |
| 700 | 1 | |a Grinberg, Rebeca. | |
| 700 | 1 | |a Festinger, Nancy, |e trlf | |
| 852 | |a INST |b LESVOS |e 19970912 |h 304.8 GRI |p 005100015591 |q 005100015591 |t BK |y 0 | ||
| 909 | |a Λ |b 050887 | ||
| 950 | |a 153-1997-06-30 | ||